Teória a politika podnikateľských financií zbierka príkladov
Saved in:
| Main Author: | |
|---|---|
| Corporate Author: | |
| Other Authors: | , |
| Format: | Book |
| Language: | Slovak |
| Published: |
Bratislava
Vydavateľstvo EKONÓM
2009
|
| Subjects: | |
| Tags: |
No Tags, Be the first to tag this record!
|
MARC
| LEADER | 00000nam$a2200000$$$4500 | ||
|---|---|---|---|
| 001 | 0092816 | ||
| 005 | 20240502072032.9 | ||
| 020 | |a 978-80-225-2714-9 | ||
| 041 | 0 | |a slo | |
| 044 | |a SK | ||
| 245 | 1 | 0 | |a Teória a politika podnikateľských financií |b zbierka príkladov |c Katarína Belanová |
| 264 | 1 | |a Bratislava |b Vydavateľstvo EKONÓM |c 2009 | |
| 300 | |a 134 s. [4,91 AH] | ||
| 610 | 2 | 0 | |a podnikanie súkromné |
| 610 | 2 | 0 | |a podnikanie |
| 610 | 2 | 0 | |a financie |
| 610 | 2 | 0 | |a kapitál podnikový |
| 610 | 2 | 0 | |a investície |
| 610 | 2 | 0 | |a investície finančné |
| 610 | 2 | 0 | |a investície kapitálové |
| 610 | 2 | 0 | |a papiere cenné |
| 100 | 1 | |a Belanová, Katarína, 1978- | |
| 700 | 1 | |a Ochotnický, Pavol | |
| 700 | 1 | |a Lauko, Marcel | |
| 710 | 2 | |a Ekonomická univerzita v Bratislave. Národohospodárska fakulta | |